Loading...

New strategy of devlopment in village India /

Bibliografiske detaljer
Hovedforfatter: Vivek Ranjan, Bhattacharya
Format: Printed Book
Sprog:English
Udgivet: Delhi : Metropolitan, 1983.
LEADER 00425nam a2200121Ia 4500
008 150624b xxu||||| |||| 00| 0 eng d
100 |a Vivek Ranjan, Bhattacharya 
245 |a New strategy of devlopment in village India /  |c Bhattacharya Vivek Ranjan 
260 |a Delhi :  |b Metropolitan,  |c 1983. 
300 |a 326 p. 
942 |c BK 
999 |c 36091  |d 36091 
952 |0 0  |1 0  |4 0  |7 0  |9 36090  |a UL  |b UL  |c ST2  |d 1998-08-27  |l 0  |p 51766  |r 2012-10-27  |w 2012-10-27  |y BK